| 000 | 00918nam a2200337 a 4500 | ||
|---|---|---|---|
| 003 | AR-BaBNM | ||
| 005 | 20251128204507.0 | ||
| 008 | 082120s2002 ||||||||||||||000 | spa|| | ||
| 020 | _a950-36-0126-6 | ||
| 040 | _cAR-BaBNM | ||
| 100 | 1 | _aDaelli, Luciana | |
| 245 | 0 | 0 | _aCuentos con diablos |
| 260 |
_aBuenos Aires _bEdiciones culturales argentinas _bCentro Editor de América Latina _c1993 |
||
| 300 |
_a59 p. _bil., láms. |
||
| 490 | 0 | _aCuentos de mi país | |
| 500 | _aContiene índice de las obras | ||
| 500 | _aIntroducción | ||
| 500 | _aNota aclaratoria de las fuentes | ||
| 650 | 4 | _aCUENTOS | |
| 650 | 4 | _aLITERATURA INFANTIL | |
| 650 | 4 | _aLIBROS PARA NIÑOS | |
| 650 | 4 | _aFOLKLORE | |
| 650 | 4 | _aMITOLOGIA | |
| 650 | 4 | _aLITERATURA POPULAR | |
| 650 | 4 | _aLEYENDAS | |
| 651 | 4 | _aArgentina | |
| 655 | _aLITERATURA | ||
| 700 | 1 |
_aTorres, Elena _eilustrador |
|
| 942 | _cBK | ||
| 998 | _cisola | ||
| 999 |
_c7632 _d7632 |
||